00888cam a22002417a 4500003000500000005001700005008004100022010001000063011001000073035001000083040000900093100003000102245016700132260004100299300005000340502007500390650003800465650002800503650004300531650002300574650002000597700002900617CHAP20220329142731.0030325d2002 mx ab r 00110 spa d a87028 a88000 a98545 cCHAP00aRucoba García, Rodrigo.10aInstalación de un centro de almacenado, secado, limpia, cribado y envasado de maiz en Ayotzintepec Oaxacac/por Rodrigo Rucoba García y Mario Ibañez Salinas aChapingo, Méx. :bEl autor,c2002. a69 h. ;bilus. ; mapas, ; cuadros, ; gráfs. aTesis (Ing. en Agroecología) -- UACH. Departamento de Agroecología04aMaízxTecnología postcosecha.14aMaízxAlmacenamiento.14aMaízxAspectos económicosxOaxaca.14aMaízxProcesado.14aValor agregado.00aIbañez Salinas, Mario.